Matemática 5: 5º ano de escolaridade

Saved in:
Bibliographic Details
Main Author: Cerqueira, Maria Fernanda
Other Authors: Domingos, António Ruivo Ruivo, Luís
Format: Unknown
Language:Portuguese
Published: Lisboa Emp. Literária Fluminense 1996
Edition:1ª ed.
Textbook Catalogue:MANES:  Library Catalog Search Result
Textbook Classification:
Tags: Add Tag
No Tags, Be the first to tag this record!
Added to:2016-04-26
Changed in:2025-04-25

MARC

LEADER 000000000a22000000004500
001 27777
003 OSt
005 20250425111439.0
008 160427s pt ||||| |||| 00| 0 por d
040 |c centro_manes 
041 1 |a por 
100 1 |a Cerqueira, Maria Fernanda  |9 15431 
245 0 0 |a Matemática 5: 5º ano de escolaridade 
250 |a 1ª ed. 
260 3 |a Lisboa  |b Emp. Literária Fluminense  |c 1996 
300 |a 232 p.;  |c 27 cm 
561 |5 pt-BNP  |a Portugal. Biblioteca Nacional de Portugal  |k MANES 
690 0 |a MATE 
691 |a SE 
700 1 |a Domingos, António Ruivo  |9 15488  |a Ruivo, Luís  |9 15432 
942 |2 ddc  |c BK 
546 |a Portugal 
999 |c 29239  |d 29239 
999 |c manes:29239  |d 29239